000 00343 a2200157 4500
001 61203
020 _a8508068883
040 _cAnchieta - Pituba
100 _aPontin, Joel A.
240 1 0 _aEnergia para o século XXI
_lpor
245 1 0 _aEnergia para o século XXI
300 _a72
362 0 _a2001
650 4 _aPetrologia
942 _cBK
999 _c61203
_d61203